R.N. Muttoo and his notes for bee bieginners/ (Record no. 47645)

MARC details
000 -LEADER
fixed length control field 00812nam a22002297a 4500
005 - DATE AND TIME OF LATEST TRANSACTION
control field 2010092300390.0
008 - FIXED-LENGTH DATA ELEMENTS--GENERAL INFORMATION
fixed length control field 100923t xxu||||| |||| 00| 0 eng d
010 ## - LCCN (DPL NO)
LC control number ENG-101537
020 ## - INTERNATIONAL STANDARD BOOK NUMBER
Terms of availability 125.00
035 ## - SYSTEM CONTROL NUMBER
System control number EN-85070
037 ## - SOURCE OF ACQUISITION
Source of stock number/acquisition DBAD/PUB
040 ## - CATALOGING SOURCE
Original cataloging agency dpl
Language of cataloging English
082 ## - DEWEY DECIMAL CLASSIFICATION NUMBER
Classification number 638.1
100 ## - MAIN ENTRY--PERSONAL NAME
9 (RLIN) 21271
Personal name Rawat, B.S.
245 ## - TITLE STATEMENT
Title R.N. Muttoo and his notes for bee bieginners/
Statement of responsibility, etc by B.S. Rawat
260 ## - PUBLICATION, DISTRIBUTION, ETC. (IMPRINT)
Place of publication, distribution, etc Nainital,(Uttarakhand)
Name of publisher, distributor, etc Rawat Apiaries (Himalayas)
Date of publication, distribution, etc (201?)
270 ## - ADDRESS
Address Sheeshmahal, Kthgodam
City Nainital,(U.K.)
Postal code 263126
300 ## - PHYSICAL DESCRIPTION
Extent 95p.
Dimensions 22cm (pbk)
700 ## - ADDED ENTRY--PERSONAL NAME
9 (RLIN) 21369
942 ## - ADDED ENTRY ELEMENTS (KOHA)
Source of classification or shelving scheme Dewey Decimal Classification
Item type English Books
Call number suffix RAW
Classification part 638.1
Holdings
Withdrawn status Lost status Source of classification or shelving scheme Damaged status Not for loan Collection code Home library Current library Date acquired Source of acquisition Cost, normal purchase price Total Checkouts Full call number Barcode Date last seen Copy number Cost, replacement price Koha item type
    Dewey Decimal Classification   Not For Loan Non-fiction D.B.Act.Division D.B.Act.Division 24/09/2010 DBAD/PUB 125.00   638.1 RAW EN-85070 24/09/2010 1 125.00 English Books

© Delhi Public Library
Hit Counter
free hit counter